[Event "Challenge"]
[Site "http://www.queenalice.com/game.php?id=517520"]
[Date "2009.1.5"]
[Round "-"]
[White "Bobhigdon"]
[Black "djmike"]
[Result "0-1"]
[WhiteElo "1598"]
[BlackElo "1285"]

1. e4 e5 2. Nf3 Nc6 3. Bc4 Nf6 4. Ng5 d5 5. exd5 Nxd5 6. Qf3 f6 7. Ne4 Ndb4 8.
Bb3 Nd4 9. Qc3 Qd7 10. O-O Ne2+ 0-1

[Event "Challenge"]
[Site "http://www.queenalice.com/game.php?id=519227"]
[Date "2009.1.8"]
[Round "-"]
[White "djmike"]
[Black "wvulcanis"]
[Result "0-1"]
[WhiteElo "1500"]
[BlackElo "1469"]

1. d4 d5 2. c4 dxc4 3. Qa4+ Nc6 4. Qxc4 Qxd4 5. Qxd4 Nxd4 6. Na3 e5 7. Nf3 Bxa3
8. Nxd4 Bb4+ 9. Bd2 Bxd2+ 10. Kxd2 exd4 11. e4 dxe3+ 12. Kxe3 Nf6 13. Re1 O-O
14. Bd3 b6 15. f3 c5 16. Re2 Be6 17. b3 Rfe8 18. Kf2 Bd7 19. Rhe1 Rxe2+ 20. Rxe2
a6 21. g4 Bb5 22. Bxb5 axb5 0-1

[Event "Challenge"]
[Site "http://www.queenalice.com/game.php?id=522579"]
[Date "2009.1.14"]
[Round "-"]
[White "djmike"]
[Black "NathanWhipple"]
[Result "0-1"]
[WhiteElo "1662"]
[BlackElo "1470"]

1. e4 e5 2. Nf3 Nc6 3. Nc3 Nf6 4. Bc4 Be7 5. d3 d6 6. O-O Bg4 7. h3 Bh5 8. Qd2
O-O 9. Qe3 Re8 10. d4 Bxf3 11. Qxf3 Nxd4 12. Qd1 Qd7 13. Be3 c5 14. f3 Nh5 15.
f4 Ng3 16. Rf2 Bh4 17. Rd2 Kh8 18. fxe5 dxe5 19. Qg4 Qxg4 20. Bxd4 Qf4 21. Rf2
Qh6 22. Be3 Qxe3 23. Nd1 Qe1+ 24. Bf1 Nxf1 25. Rxf1 Qxe4 26. Nf2 Bxf2+ 27. Kh1
Qe3 28. a4 Qe2 29. Kh2 Qxc2 30. b3 e4 0-1

[Event "SENTE O PANCADAO"]
[Site "http://www.queenalice.com/game.php?id=523484"]
[Date "2009.1.16"]
[Round "-"]
[White "perucona"]
[Black "djmike"]
[Result "0-1"]
[WhiteElo "1575"]
[BlackElo "1628"]

1. e4 e5 2. d4 Qe7 3. d5 Nf6 4. Nc3 d6 5. Nf3 Qd7 6. Bb5 c6 7. Bd3 Be7 8. O-O
O-O 9. Bg5 h6 10. Bxf6 Bxf6 11. Qe2 Qe7 12. Rae1 Bg4 13. h3 Bxf3 14. gxf3 c5 15.
Bb5 Bh4 16. f4 exf4 17. Bd3 Nd7 18. Nb5 Ne5 19. Nc3 Qg5+ 20. Kh1 f3 21. Qe3 Qg2#
0-1

[Event "AUTO-INT-1172"]
[Site "http://www.queenalice.com/game.php?id=523904"]
[Date "2009.1.16"]
[Round "1"]
[White "xadrezpetry"]
[Black "djmike"]
[Result "0-1"]
[WhiteElo "1359"]
[BlackElo "1617"]

1. e4 e5 2. Qh5 Qe7 3. Nf3 Nc6 4. Bc4 g6 5. Qg4 Nf6 6. Qh4 Bg7 7. d4 Nxd4 8.
Nxd4 Qb4+ 9. Nd2 exd4 10. e5 Qe7 11. Qxd4 Nh5 12. f4 d6 13. O-O O-O 14. g4 Bxg4
15. Kg2 Qh4 16. Nf3 Qh3+ 17. Kf2 Qxf3+ 18. Ke1 dxe5 19. fxe5 Qh3 20. Qd5 Be6 0-1

[Event "AUTO-INT-1172"]
[Site "http://www.queenalice.com/game.php?id=523905"]
[Date "2009.1.16"]
[Round "1"]
[White "djmike"]
[Black "xadrezpetry"]
[Result "1-0"]
[WhiteElo "1627"]
[BlackElo "1359"]

1. d4 e6 2. e4 Qh4 3. e5 Qe4+ 4. Be3 d5 5. Nc3 Bb4 6. Qd2 Qf5 7. Bd3 Qh5 8. a3
Qg4 9. g3 Ba5 10. b4 Bb6 11. a4 Bxd4 12. Be2 Bxe3 13. fxe3 Qxb4 14. Ra2 Nh6 15.
Nf3 c5 16. O-O O-O 17. a5 Qg4 18. e4 d4 19. Nb5 Qxe4 20. Nd6 Qc6 21. Ng5 1-0

[Event "AUTO-INT-1172"]
[Site "http://www.queenalice.com/game.php?id=523922"]
[Date "2009.1.16"]
[Round "1"]
[White "djmike"]
[Black "klebercas"]
[Result "1-0"]
[WhiteElo "1636"]
[BlackElo "1560"]

1. d4 d5 2. c4 e6 3. c5 Nc6 4. e3 Nf6 5. Bb5 g6 6. Nf3 Ne4 7. O-O a6 8. Bxc6+
bxc6 9. Qe2 f5 10. Ne5 Nxc5 11. Nxc6 Qd6 12. Ne5 a5 13. Qb5+ c6 14. Qxc5 Qxc5
15. dxc5 Ba6 16. Re1 Bxc5 17. Nxc6 Rc8 18. Nxa5 Kf7 19. Nb3 Bb4 20. N1d2 e5 21.
f4 e4 22. a3 Bd6 23. Nd4 Bc5 24. N2b3 Be7 25. Bd2 Bf6 26. Bc3 Rc4 27. Na5 Ra4
28. Nac6 Bxd4 29. Bxd4 Rc8 30. b3 Rxd4 31. Nxd4 Rc3 32. Rac1 Rxc1 33. Rxc1 h6
34. Rc7+ Kf8 35. Rc6 1-0

[Event "AUTO-INT-1172"]
[Site "http://www.queenalice.com/game.php?id=523924"]
[Date "2009.1.16"]
[Round "1"]
[White "djmike"]
[Black "chevellephb"]
[Result "1-0"]
[WhiteElo "1548"]
[BlackElo "1391"]

1. d4 d5 2. c4 Nf6 3. Nf3 dxc4 4. Qa4+ Bd7 5. Qxc4 b5 6. Qc2 Nc6 7. e4 e6 8. Bg5
h6 9. Bxf6 Qxf6 10. Qd2 Bb4 11. Nc3 O-O 12. e5 Qg6 13. Bd3 Qxg2 14. O-O-O Qxf3
15. Rhg1 Nxd4 16. Qxh6 f5 17. Qxg7# 1-0

[Event "AUTO-INT-1172"]
[Site "http://www.queenalice.com/game.php?id=523925"]
[Date "2009.1.16"]
[Round "1"]
[White "chevellephb"]
[Black "djmike"]
[Result "0-1"]
[WhiteElo "1351"]
[BlackElo "1588"]

1. e4 e5 2. Nf3 Nc6 3. Nc3 Nf6 4. Bc4 Bc5 5. O-O O-O 6. Ng5 h6 7. Nxf7 Qe7 8.
Nd6+ Kh8 9. Nf5 Qd8 10. Qf3 Nd4 11. Nxd4 Bxd4 12. Nb5 d6 13. c3 Bb6 14. h3 c6
15. Na3 d5 16. exd5 cxd5 17. Bb3 Ne4 18. Qh5 Bxf2+ 19. Kh2 Ng3 20. Qd1 Nxf1+ 21.
Qxf1 Bg3+ 22. Kxg3 Rxf1 23. Nb5 Qg5+ 24. Kh2 Qf4+ 25. g3 Qf2# 0-1

[Event "Challenge"]
[Site "http://www.queenalice.com/game.php?id=531074"]
[Date "2009.1.28"]
[Round "-"]
[White "Marre08"]
[Black "djmike"]
[Result "0-1"]
[WhiteElo "1482"]
[BlackElo "1698"]

1. e4 e5 2. Nf3 Nc6 3. Bb5 d5 4. d3 d4 5. Bxc6+ bxc6 6. Nxe5 Qf6 7. Ng4 Qe6 8.
Bf4 Bd6 9. Qf3 Nf6 10. Nxf6+ Qxf6 11. Bxd6 Qxf3 12. gxf3 cxd6 13. c3 c5 14. cxd4
cxd4 15. Na3 Rb8 16. b3 Ba6 17. Ke2 O-O 18. f4 Rbc8 19. Rac1 Rce8 20. f3 d5 21.
Rc5 dxe4 22. fxe4 Rxe4+ 23. Kf3 Re3+ 24. Kf2 Bxd3 25. Nc4 Re2+ 26. Kf3 Rxa2 27.
Rd1 Be2+ 0-1

[Event "Challenge"]
[Site "http://www.queenalice.com/game.php?id=533255"]
[Date "2009.2.1"]
[Round "-"]
[White "djmike"]
[Black "Fernando_cun"]
[Result "1-0"]
[WhiteElo "1666"]
[BlackElo "1585"]

1. d4 e6 2. e4 Nc6 3. d5 exd5 4. exd5 Ne5 5. Nc3 d6 6. Nf3 Bg4 7. Be2 Bxf3 8.
Bxf3 Be7 9. O-O Nf6 10. Re1 a5 11. Bf4 c6 12. Bxe5 dxe5 13. dxc6 Qxd1 14. Raxd1
Bb4 15. Rxe5+ Be7 16. cxb7 Rb8 17. Bc6+ Kf8 18. Rde1 Bb4 19. a3 Bxc3 20. bxc3 a4
21. g4 g6 22. g5 Nd7 23. Re7 Nc5 24. Re8+ Rxe8 25. Rxe8+ Kg7 26. b8=Q Rxe8 27.
Qxe8 Ne6 28. h4 Nc7 29. Qe5+ Kg8 30. Qxc7 1-0

[Event "AUTO-INT-1172"]
[Site "http://www.queenalice.com/game.php?id=638578"]
[Date "2009.8.18"]
[Round "2"]
[White "klebercas"]
[Black "djmike"]
[Result "1-0"]
[WhiteElo "1576"]
[BlackElo "1691"]

1. e4 e5 2. Nf3 Nc6 3. Bc4 Nf6 4. d3 Bc5 5. c3 O-O 6. d4 exd4 7. cxd4 Nxd4 8.
Nxd4 Nxe4 9. Be3 Qf6 10. O-O d6 11. f3 Qg6 12. fxe4 Bh3 13. Rf2 Bd7 14. Qf3 Kh8
15. Bxf7 Rxf7 16. Qxf7 Qxf7 17. Rxf7 h5 18. Rxd7 1-0

[Event "AUTO-INT-1172"]
[Site "http://www.queenalice.com/game.php?id=638579"]
[Date "2009.8.18"]
[Round "2"]
[White "djmike"]
[Black "klebercas"]
[Result "1-0"]
[WhiteElo "1676"]
[BlackElo "1592"]

1. e4 e5 2. Nf3 Nc6 3. Nc3 Bc5 4. Bc4 d6 5. d3 Nf6 6. O-O O-O 7. Bg5 Bg4 8. Qd2
Bxf3 9. gxf3 Qd7 10. Bxf6 gxf6 11. Nd5 Kh8 12. Nxf6 Qe7 13. Qh6 Qxf6 14. Qxf6+
Kg8 15. Kh1 Nd4 16. Rg1# 1-0